Os 12 Países da América do Sul em 20 seg - Statistics

Estatísticas Gerais
  • Esse quiz foi jogado 1 460 vezes
  • A pontuação média é 9 de 12
Respostas no mapa
Respostas codificadas por cores de uma escala verde-vermelha no mapa do quiz de acordo com a % correta abaixo.
 
Estatísticas das Respostas
Países % Correto
Brasil
96%
Argentina
86%
Uruguai
80%
Chile
79%
Paraguai
76%
Peru
73%
Bolívia
71%
Colombia
70%
Venezuela
69%
Equador
67%
Guiana
61%
Suriname
60%
Nenhum quiz correspondente encontrado
Distribuição das Pontuações
Porcentagem de Pessoas com Cada Pontuação
Percentil de Números Respondidos
Sua Pontuação Histórica
Você não jogou esse quiz